000 00797nam a2200241 a 4500
999 _c793
_d793
008 191031r20072010ii ad||g |||| 00| 0 eng d
020 _a9798174465046
_cRs. 325.00
040 _aKO
_beng
041 0 _aeng
044 _aii
082 0 4 _223
_a658.45
_bD2601
100 1 _aDas, Biswajit
245 1 0 _aBusiness Communication and Personality Development :
_bLessons for Paradigm Change in Personality /
_cBiswajit Das and Ipseeta Satpathy
260 _aNew Delhi :
_bExcel Books ,
_c2007, reprinted 2010
300 _axvi, 331 p. :
_bill. ;
_c24 cm.
504 _aIncludes Index.
650 0 _aCommunication in management
_xManagement
_vTextbooks
650 0 _aPersonality development
_xManagement
_vTextbooks
700 _aSatpathy, Ipseeta
_eaut
904 _aA_BOSE
942 _cBK